Представление документа в формате RUSMARC

ПолеНазваниеЗначение
  Тип записи c
  Библиографический уровень m
001 Контрольный номер RU/УОНБ/EK_N/351855916
005 Дата корректировки 20250520124753.2
010 Индекс ISBN __
9 Тираж 2000 экз.
013 Номер (ISMN) __
d Цена 30 к.
071 Издательские номер (звукозапись и ноты) 21
a Номер, присвоенный агентством 3066
100 Данные общей обработки __
a Данные общей обработки 20110224d1966 u y0rusy0189||||ca
101 Язык документа 0_
a Язык текста rus
a Язык текста ger
f Язык титульного листа rus
f Язык титульного листа ger
102 Страна публикации __
a Страна публикации RU
105 Кодированные данные (монография) __
a Кодированные данные (монография) y###||||000|y
125 Кодированные данные звукозаписи и нотных изданий __
a Форма изложения нотного текста с|
128 Кодированные данные (звукозаписи-физические характеристики) __
a Кодированные данные: Музыкальная форма и тональность или лад zz
c Инструменты или голоса, рекомендуемые для солистов (устаревшее) ka||
200 Заглавие и сведения об ответственности 1_
a Заглавие Пять стихотворений Матильды Везендонк
b Общее обозначение материала [Ноты]
d Параллельное заглавие Funf gedichte von Mathilde Wesendonk
e Сведения, относящиеся к заглавию для голоса в сопровожд. фп.
f Первые сведения об ответственности Р. Вагнер
z Язык параллельного заглавия ger
210 Выходные данные 1_
a Место издания Москва
c Издательство Музыка
d Дата издания 1966
215 Физическое описание __
a Объем 23 c.
d Формат 29 см
300 Общие примечания __
a Общие примечания Текст парал. на рус., нем. яз.
327 Примечание о содержании 11
a Примечание о содержании Содерж. : Ангел ; Стой! ; В оранжерее : этюд к "Тристану и Изольде" ; Скорбь ; Грезы : этюд к "Тристану и Изольде" .
464 Аналитический уровень _0
1 2001
a Ангел
e Я ребенком...
464 Аналитический уровень _0
1 2001
a Стой!
e Бурный...
464 Аналитический уровень _0
1 2001
a В оранжерее
e Своды пальм...
e этюд к "Тристану и Изольде"
1 50010
a Тристан и Изольда
464 Аналитический уровень _0
1 2001
a Скорбь
e Плачет...
464 Аналитический уровень _0
1 2001
a Грезы
e Молви мне...
e этюд к "Тристану и Изольде"
1 50010
a Тристан и Изольда
512 Заглавие обложки 1_
a Заглавие обложки Пять стихотворений Матильды Везендонк
606 Тематические рубрики 0_
a Основная рубрика Вокальные произведения зарубежных композиторов
x Основная подрубрика Поэзия в музыке
610 Ключевые слова 0_
a Ключевые слова стихотворения
686 Индексы других классификаций __
a Классификационный индекс 85.943.4
2 Код системы rubbk
700 Автор _1
a Фамилия Вагнер
b Имя (инициалы) Р.
g Полное личное имя Рихард
f Даты 1813-1883
702 Вторичная интеллектуальная ответственность _1
a Фамилия Везендонк
b Имя (инициалы) М.
4 Код отношения 520
702 Вторичная интеллектуальная ответственность _1
a Фамилия Коломийцев
b Имя (инициалы) В.
4 Код отношения 730
801 Источник записи _0
a Страна RU
b Организация Ульяновская ОНБ
c Дата составления 20110224
g Правила каталогизации RCR
801 Источник записи _1
a Страна RU
b Организация Ульяновская ОНБ
c Дата составления 20110224
g Правила каталогизации RCR
901 Тип документа __
t Тип документа m
909 Создатель записи __
a Создатель записи Никитина Т. А.
938 Служебная информация __
a Имя БД noti
b Имя библиотеки УОНБ
c Имя АИБС МАРК-SQL
d Номер DOC_ID в БД 8423